000
00212nam a22000977a 4500
003
SGT
245
_a
Journal of Oral & maxillofacial Surgery
260
_b
Elsevier Publisher
_c
2012
300
_a
800
942
_2
ddc
_c
BV
999
_c
30258
_d
30258